000 01078cam a2200337 a 4500
999 _c41771
_d41771
001 16920609
003 OSt
005 20221109102150.0
008 110812s2012 caua b 001 0 eng
010 _a 2011034277
020 _a9789332577466
020 _a9780321724120 (student ed.)
020 _a0321724127 (student ed.)
020 _a9780321754356 (a la carte)
020 _a0321754352 (a la carte)
035 _a(DNLM)101566856
040 _aDNLM/DLC
_cDLC
_dDLC
042 _apcc
050 0 0 _aQH430
_b.K574 2012
060 1 0 _aQU 500
082 0 0 _a576.5
_223
_bKLU/C
245 0 0 _aConcepts of genetics /
_cWilliam S. Klug ... [et al.].
250 _a10th ed.
260 _aSan Francisco :
_bPearson Education,
_cc2012.
300 _axxxvii, 742, [108] p. :
_bill. (some col.), map ;
_c29 cm.
504 _aIncludes bibliographical references and index.
650 1 2 _aGenetic Phenomena.
700 _aKlug, William S
_94987
906 _a7
_bcbc
_corignew
_d1
_eecip
_f20
_gy-gencatlg
942 _2ddc
_cBK
_h576.5
_iKLU/C
_k576.5
_mKLU/C